[Event "Kupreichik Memorial Rapid 2019"]
[Site "Minsk"]
[Date "2019.08.16"]
[Round "5.15"]
[White "Veremeichik, Vladimir"]
[Black "Siniauski, Artsiom"]
[Result "1/2-1/2"]
[WhiteElo "2282"]
[BlackElo "2142"]
[Annotator "NA"]
[PlyCount "112"]
[EventDate "2019.08.15"]
[EventType "swiss"]
[EventCountry "BLR"]
[SourceTitle "playchess.com"]
[Source "ChessBase"]
[SourceQuality "1"]
[TimeControl "900+10"]

1. d4 {[%emt 0:00:00]} Nf6 {[%emt 0:00:00]} 2. c4 {[%emt 0:00:00]} e6 {[%emt 0:00:00]} 3. Nc3 {[%emt 0:00:00]} Bb4 {[%emt 0:00:00]} 4. Qc2 {[%emt 0:00:00]} O-O {[%emt 0:00:21]} 5. a3 {[%emt 0:00:00]} Bxc3+ {[%emt 0:00:14]} 6. Qxc3 {[%emt 0:00:00]} d5 {[%emt 0:00:02]} 7. Nf3 {[%emt 0:00:14]} b6 {[%emt 0:00:10]} 8. Bg5 {[%emt 0:00:43]} Nbd7 {[%emt 0:00:43]} 9. cxd5 {[%emt 0:00:26]} exd5 {[%emt 0:00:21]} 10. Rc1 {[%emt 0:00:12]} c5 {[%emt 0:00:29]} 11. dxc5 {[%emt 0:00:12]} bxc5 {[%emt 0:00:06]} 12. e3 {[%emt 0:00:02]} Qb6 {[%emt 0:00:41]} 13. Bxf6 {[%emt 0:00:28]} Nxf6 {[%emt 0:00:28]} 14. Qxc5 {[%emt 0:00:40]} Qxb2 {[%emt 0:00:15]} 15. Qc3 {[%emt 0:00:02]} Rb8 {[%emt 0:00:20]} 16. Bd3 {[%emt 0:01:07]} Ne4 {[%emt 0:00:58]} 17. Qxb2 {[%emt 0:00:13]} Rxb2 {[%emt 0:00:03]} 18. O-O {[%emt 0:00:04]} Rb3 {[%emt 0:00:16]} 19. Bxe4 {[%emt 0:00:12]} dxe4 {[%emt 0:00:02]} 20. Nd2 {[%emt 0:00:03]} Rxa3 {[%emt 0:00:07]} 21. Nxe4 {[%emt 0:00:02]} Bf5 {[%emt 0:01:04]} 22. Nd6 {[%emt 0:01:02]} Be6 {[%emt 0:00:11]} 23. Ra1 {[%emt 0:00:12]} Rxa1 {[%emt 0:01:13]} 24. Rxa1 {[%emt 0:00:01]} Ra8 {[%emt 0:00:02]} 25. Ra6 {[%emt 0:00:43]} Kf8 {[%emt 0:00:12]} 26. f4 {[%emt 0:00:05]} Ke7 {[%emt 0:00:30]} 27. e4 {[%emt 0:00:10]} f6 {[%emt 0:00:55]} 28. Kf2 {[%emt 0:00:32]} Bd7 {[%emt 0:00:57]} 29. h3 {[%emt 0:01:40]} Rb8 {[%emt 0:02:28]} 30. Nc4 {[%emt 0:01:27]} Rb4 {[%emt 0:01:32]} 31. Nd2 {[%emt 0:00:03]} Ra4 {[%emt 0:00:46]} 32. Rxa4 {[%emt 0:00:03]} Bxa4 {[%emt 0:00:01]} 33. Ke3 {[%emt 0:00:01]} Bb5 {[%emt 0:00:14]} 34. Nb3 {[%emt 0:00:10]} Kd6 {[%emt 0:00:24]} 35. Nd4 {[%emt 0:00:46]} Bd7 {[%emt 0:01:01]} 36. Kd3 {[%emt 0:00:29]} Kc5 {[%emt 0:00:23]} 37. Kc3 {[%emt 0:00:04]} a6 {[%emt 0:00:35]} 38. Nb3+ {[%emt 0:00:58]} Kb6 {[%emt 0:00:19]} 39. Kd4 {[%emt 0:00:43]} a5 {[%emt 0:00:31]} 40. Nc5 {[%emt 0:00:03]} Bc6 {[%emt 0:00:32]} 41. Ne6 {[%emt 0:00:14]} a4 {[%emt 0:00:53]} 42. Nxg7 {[%emt 0:00:03]} Bxe4 {[%emt 0:00:56]} 43. Ne8 {[%emt 0:00:17]} a3 {[%emt 0:00:16]} 44. Kc3 {[%emt 0:00:04]} f5 {[%emt 0:00:17]} 45. g4 {[%emt 0:00:02]} fxg4 {[%emt 0:00:22]} 46. hxg4 {[%emt 0:00:01]} Bf3 {[%emt 0:00:08]} 47. Nf6 {[%emt 0:00:33]} Bxg4 {[%emt 0:00:21]} 48. Nxg4 {[%emt 0:01:09]} h5 {[%emt 0:00:00]} 49. Nf2 {[%emt 0:00:01]} Kc5 {[%emt 0:00:06]} 50. Kb3 {[%emt 0:00:07]} Kd4 {[%emt 0:00:16]} 51. Kxa3 {[%emt 0:00:05]} h4 {[%emt 0:00:02]} 52. Kb3 {[%emt 0:00:08]} Ke3 {[%emt 0:00:00]} 53. f5 {[%emt 0:00:01]} Kxf2 {[%emt 0:00:01]} 54. f6 {[%emt 0:00:01]} h3 {[%emt 0:00:01]} 55. f7 {[%emt 0:00:00]} h2 {[%emt 0:00:01]} 56. f8=Q+ {[%emt 0:00:02]} Kg2 {[%emt 0:00:00]} 1/2-1/2

[Event "Kupreichik Memorial Rapid 2019"]
[Site "Minsk"]
[Date "2019.08.16"]
[Round "5.16"]
[White "Pakhomov, Alexey"]
[Black "Zverev, Lev"]
[Result "1/2-1/2"]
[WhiteElo "2315"]
[BlackElo "1881"]
[Annotator "TA"]
[PlyCount "69"]
[EventDate "2019.08.15"]
[EventType "swiss"]
[EventCountry "BLR"]
[SourceTitle "playchess.com"]
[Source "ChessBase"]
[SourceQuality "1"]

{[%evp 30,69,22,0,0,0,16,18,27,-80,-87,-110,164,35,112,99,54,4,22,-84,-37,-64,550,430,518,419,418,199,431,191,239,23,32,25,25,27,20,0,0,0,21,0]} 1. d4 d5 2. c4 e6 3. Nc3 c6 4. Nf3 dxc4 5. a4 Bb4 6. e3 b5 7. Bd2 a5 8. axb5 Bxc3 9. Bxc3 cxb5 10. b3 Bb7 11. bxc4 b4 12. Bb2 Nf6 13. Bd3 Nbd7 14. O-O O-O 15. Re1 Re8 16. e4 e5 $1 {D31: Queen's Gambit Declined: Semi-Slav without ...Nf6 (+ Marshall Gambit and Noteboom) and Exchange Variation lines without ...Nf6} 17. d5 (17. c5 exd4 18. Bb5 Bxe4 19. Qxd4 Qc7 20. c6 Nf8 21. Ne5 Bf5 22. Rec1 Red8 23. Qe3 Be6 24. h3 {½-½ (55) Avrukh,B (2614)-Zhigalko,S (2473) Izmir 2004}) 17... Qc7 18. Bf1 Qd6 19. Nh4 $146 (19. Ra2 $11 {keeps the balance.}) ({Predecessor:} 19. Ra2 Nc5 20. Qa1 a4 21. Bxe5 Rxe5 22. Qxe5 Qxe5 23. Nxe5 a3 24. Nd3 Nxd3 25. Bxd3 {1-0 (41) Bernard,C (2372)-Solakian,J (2280) France 2002}) 19... Nc5 $17 20. Nf5 Qd7 $2 {[%mdl 8192] [#]} (20... Qb6 $17) 21. Qf3 (21. f4 $1 $18 {[%cal Rf4e5][%mdl 512]} Nfxe4 (21... exf4 22. Bxf6) 22. Qg4 $1 {[%mdl 512]}) 21... g6 (21... a4 $14) 22. Nh6+ $16 {[%mdl 64] Discovered Attack} Kg7 23. Bc1 (23. Qe3 $5 {[%cal Re3c5]} Qd6 24. f3 $11) 23... a4 24. Bg5 (24. Rb1 $11) 24... Qd6 $17 25. h4 Nfxe4 $2 {[%mdl 8192]} (25... Bc8 $15 {keeps the upper hand.}) 26. Qxf7+ $18 ({Less strong is} 26. Rxe4 f6 $16) 26... Kh8 27. Rxe4 Nxe4 {[#]} 28. Qxb7 (28. Qxe8+ $142 $1 {[%mdl 512]} Rxe8 29. Nf7+ {[%mdl 64] Double Attack} Kg7 30. Nxd6 Nxd6 31. Rxa4) 28... Qf8 $2 (28... Nxg5 {is a better defense.} 29. hxg5 Qc5) 29. Be3 (29. Nf7+ $142 Kg8 30. d6 Nxd6 31. Nxd6 Qxd6 {[#]} 32. c5 $1 {[%mdl 512]}) 29... b3 {next ...Nd6 is good for Black.} 30. Bd3 $2 (30. Nf7+ $18 Kg8 31. Nh6+ Kh8 32. Nf7+ Kg8 33. Nh6+ Kh8) 30... Nc5 $1 $11 {[%cal Rc5b7]} 31. Bxc5 Qxc5 32. Nf7+ Kg8 $1 {And now ...Ra7 would win.} 33. Nh6+ {The position is equal.} Kh8 34. Nf7+ Kg8 $1 {Strongly threatening ...Ra7.} 35. Nh6+ {Accuracy: White = 17%, Black = 30%.} 1/2-1/2

[Event "Kupreichik Memorial Rapid 2019"]
[Site "Minsk"]
[Date "2019.08.16"]
[Round "5.17"]
[White "Naumovich, Yaroslav"]
[Black "Smirnov, Valerij"]
[Result "0-1"]
[WhiteElo "1868"]
[BlackElo "2261"]
[Annotator "NA"]
[PlyCount "112"]
[EventDate "2019.08.15"]
[EventType "swiss"]
[EventCountry "BLR"]
[SourceTitle "playchess.com"]
[Source "ChessBase"]
[SourceQuality "1"]
[TimeControl "900+10"]

1. Nf3 {[%emt 0:00:00]} c5 {[%emt 0:00:00]} 2. e3 {[%emt 0:00:00]} g6 {[%emt 0:00:00]} 3. d4 {[%emt 0:00:00]} Bg7 {[%emt 0:00:02]} 4. c4 {[%emt 0:00:19]} Nf6 {[%emt 0:00:09]} 5. Nc3 {[%emt 0:00:02]} O-O {[%emt 0:00:10]} 6. Be2 {[%emt 0:00:04]} cxd4 {[%emt 0:00:06]} 7. exd4 {[%emt 0:00:28]} d5 {[%emt 0:00:03]} 8. O-O {[%emt 0:00:04]} Nc6 {[%emt 0:00:04]} 9. h3 {[%emt 0:00:56]} dxc4 {[%emt 0:00:57]} 10. Bxc4 {[%emt 0:00:03]} Na5 {[%emt 0:00:08]} 11. Bd3 {[%emt 0:00:44]} Be6 {[%emt 0:00:14]} 12. Re1 {[%emt 0:00:32]} Bc4 {[%emt 0:00:17]} 13. Bxc4 {[%emt 0:00:59]} Nxc4 {[%emt 0:00:02]} 14. Qe2 {[%emt 0:00:58]} Qc8 {[%emt 0:00:50]} 15. Bg5 {[%emt 0:02:37]} e6 {[%emt 0:01:32]} 16. Rac1 {[%emt 0:00:02]} Nb6 {[%emt 0:00:02]} 17. Ne5 {[%emt 0:01:41]} Qe8 {[%emt 0:00:43]} 18. Bxf6 {[%emt 0:03:52]} Bxf6 {[%emt 0:00:04]} 19. Ne4 {[%emt 0:00:02]} Be7 {[%emt 0:04:41]} 20. Rc7 {[%emt 0:00:27]} Rb8 {[%emt 0:01:23]} 21. Rec1 {[%emt 0:02:09]} Nd5 {[%emt 0:00:22]} 22. R7c4 {[%emt 0:00:01]} f6 {[%emt 0:01:18]} 23. Nd3 {[%emt 0:00:23]} Qf7 {[%emt 0:01:05]} 24. Nec5 {[%emt 0:01:34]} Bxc5 {[%emt 0:00:36]} 25. Rxc5 {[%emt 0:00:01]} Rfe8 {[%emt 0:00:13]} 26. Qf3 {[%emt 0:00:23]} Rbd8 {[%emt 0:00:53]} 27. Nf4 {[%emt 0:00:29]} Nxf4 {[%emt 0:00:07]} 28. Qxf4 {[%emt 0:00:01]} Rd7 {[%emt 0:00:02]} 29. Rc8 {[%emt 0:00:05]} Rxc8 {[%emt 0:00:11]} 30. Rxc8+ {[%emt 0:00:01]} Kg7 {[%emt 0:00:02]} 31. h4 {[%emt 0:00:18]} Qe7 {[%emt 0:00:51]} 32. h5 {[%emt 0:00:42]} g5 {[%emt 0:00:22]} 33. Qe4 {[%emt 0:00:09]} Qd6 {[%emt 0:00:35]} 34. g4 {[%emt 0:00:21]} a6 {[%emt 0:00:35]} 35. a3 {[%emt 0:00:01]} Kh6 {[%emt 0:00:12]} 36. Rc3 {[%emt 0:00:17]} Qf4 {[%emt 0:00:16]} 37. Qxe6 {[%emt 0:00:09]} Rxd4 {[%emt 0:00:12]} 38. Rg3 {[%emt 0:00:11]} Rd1+ {[%emt 0:00:14]} 39. Kg2 {[%emt 0:00:06]} Rd4 {[%emt 0:00:12]} 40. Qe7 {[%emt 0:00:07]} Qe4+ {[%emt 0:00:04]} 41. Qxe4 {[%emt 0:00:01]} Rxe4 {[%emt 0:00:01]} 42. b4 {[%emt 0:00:24]} b5 {[%emt 0:00:01]} 43. Kh3 {[%emt 0:00:07]} Rf4 {[%emt 0:00:07]} 44. Kg2 {[%emt 0:00:18]} f5 {[%emt 0:00:04]} 45. f3 {[%emt 0:00:09]} Rc4 {[%emt 0:00:28]} 46. gxf5 {[%emt 0:00:01]} Rf4 {[%emt 0:00:06]} 47. Kf2 {[%emt 0:00:17]} Rxf5 {[%emt 0:00:02]} 48. Ke3 {[%emt 0:00:01]} Kxh5 {[%emt 0:00:04]} 49. Ke4 {[%emt 0:00:09]} Rf4+ {[%emt 0:00:06]} 50. Ke5 {[%emt 0:00:17]} Kh4 {[%emt 0:00:08]} 51. Rg1 {[%emt 0:00:03]} Rxf3 {[%emt 0:00:02]} 52. Kd5 {[%emt 0:00:06]} h5 {[%emt 0:00:10]} 53. Kc5 {[%emt 0:00:21]} Rxa3 {[%emt 0:00:07]} 54. Rh1+ {[%emt 0:00:01]} Kg4 {[%emt 0:00:02]} 55. Rg1+ {[%emt 0:00:01]} Kf5 {[%emt 0:00:01]} 56. Rf1+ {[%emt 0:00:02]} Kg6 {[%emt 0:00:01]} 0-1

[Event "Kupreichik Memorial Rapid 2019"]
[Site "Minsk"]
[Date "2019.08.16"]
[Round "5.18"]
[White "Kolosovskaya, Olga"]
[Black "Kuleshov, Konstantin"]
[Result "0-1"]
[WhiteElo "1719"]
[BlackElo "2076"]
[Annotator "NA"]
[PlyCount "116"]
[EventDate "2019.08.15"]
[EventType "swiss"]
[EventCountry "BLR"]
[SourceTitle "playchess.com"]
[Source "ChessBase"]
[SourceQuality "1"]
[TimeControl "900+10"]

1. d4 {[%emt 0:00:00]} Nf6 {[%emt 0:00:00]} 2. c4 {[%emt 0:00:00]} g6 {[%emt 0:00:00]} 3. g3 {[%emt 0:00:00]} d5 {[%emt 0:00:00]} 4. Nf3 {[%emt 0:00:02]} Bg7 {[%emt 0:00:00]} 5. Bg2 {[%emt 0:00:01]} O-O {[%emt 0:00:00]} 6. O-O {[%emt 0:00:03]} c6 {[%emt 0:00:05]} 7. Nc3 {[%emt 0:00:08]} dxc4 {[%emt 0:00:45]} 8. e3 {[%emt 0:00:19]} Nd5 {[%emt 0:00:12]} 9. Nd2 {[%emt 0:00:19]} e5 {[%emt 0:00:34]} 10. Nxc4 {[%emt 0:00:36]} exd4 {[%emt 0:00:03]} 11. exd4 {[%emt 0:00:02]} Nb6 {[%emt 0:00:08]} 12. Ne5 {[%emt 0:01:10]} N8d7 {[%emt 0:00:05]} 13. Nf3 {[%emt 0:00:17]} Nf6 {[%emt 0:00:04]} 14. Bg5 {[%emt 0:00:45]} h6 {[%emt 0:00:06]} 15. Be3 {[%emt 0:00:05]} Kh7 {[%emt 0:00:19]} 16. Ne5 {[%emt 0:00:07]} Nfd5 {[%emt 0:00:13]} 17. Qe2 {[%emt 0:03:19]} Be6 {[%emt 0:00:09]} 18. Rad1 {[%emt 0:00:19]} Qc7 {[%emt 0:00:30]} 19. Nf3 {[%emt 0:01:27]} Nxc3 {[%emt 0:00:05]} 20. bxc3 {[%emt 0:00:02]} Bc4 {[%emt 0:00:02]} 21. Qc2 {[%emt 0:00:16]} Bxf1 {[%emt 0:00:03]} 22. Bxf1 {[%emt 0:00:02]} Nd5 {[%emt 0:00:09]} 23. Bd2 {[%emt 0:00:15]} Rfe8 {[%emt 0:00:14]} 24. Bd3 {[%emt 0:00:02]} Rad8 {[%emt 0:00:38]} 25. h4 {[%emt 0:00:19]} Kg8 {[%emt 0:00:14]} 26. Qc1 {[%emt 0:00:08]} h5 {[%emt 0:00:09]} 27. Qc2 {[%emt 0:00:17]} Nf6 {[%emt 0:00:10]} 28. Ne5 {[%emt 0:00:14]} c5 {[%emt 0:02:42]} 29. Qb3 {[%emt 0:06:42]} Rxe5 {[%emt 0:00:32]} 30. dxe5 {[%emt 0:00:04]} Rxd3 {[%emt 0:00:09]} 31. exf6 {[%emt 0:00:07]} Bxf6 {[%emt 0:00:06]} 32. Bf4 {[%emt 0:00:22]} Rxd1+ {[%emt 0:00:06]} 33. Qxd1 {[%emt 0:00:02]} Qc6 {[%emt 0:00:38]} 34. c4 {[%emt 0:00:48]} Bd4 {[%emt 0:00:16]} 35. Qe2 {[%emt 0:00:06]} a6 {[%emt 0:00:30]} 36. g4 {[%emt 0:01:06]} hxg4 37. Qxg4 {[%emt 0:00:02]} Qe4 {[%emt 0:00:50]} 38. Qg3 {[%emt 0:00:23]} Qf5 {[%emt 0:00:39]} 39. Kg2 {[%emt 0:00:13]} b5 {[%emt 0:00:05]} 40. cxb5 {[%emt 0:00:11]} axb5 {[%emt 0:00:01]} 41. Bh6 {[%emt 0:00:20]} Kh7 {[%emt 0:00:13]} 42. Bg5 {[%emt 0:00:08]} b4 {[%emt 0:00:33]} 43. Qf3 {[%emt 0:00:03]} Qxf3+ 44. Kxf3 {[%emt 0:00:02]} c4 {[%emt 0:00:08]} 45. Ke4 {[%emt 0:00:03]} b3 {[%emt 0:00:04]} 46. axb3 {[%emt 0:00:15]} cxb3 {[%emt 0:00:01]} 47. Kd3 {[%emt 0:00:08]} f6 {[%emt 0:00:20]} 48. Bd2 {[%emt 0:00:29]} Bxf2 {[%emt 0:00:07]} 49. Kc3 {[%emt 0:00:01]} Bxh4 {[%emt 0:00:03]} 50. Kxb3 {[%emt 0:00:02]} g5 {[%emt 0:00:06]} 51. Kc3 {[%emt 0:00:02]} Kg6 {[%emt 0:00:01]} 52. Kd3 {[%emt 0:00:01]} Kf5 {[%emt 0:00:01]} 53. Ke2 {[%emt 0:00:01]} Kg4 {[%emt 0:00:02]} 54. Kf1 {[%emt 0:00:02]} Kf3 {[%emt 0:00:03]} 55. Bb4 {[%emt 0:00:06]} g4 {[%emt 0:00:06]} 56. Bc5 {[%emt 0:00:23]} f5 {[%emt 0:00:04]} 57. Bf2 {[%emt 0:00:18]} Bg5 {[%emt 0:00:04]} 58. Bc5 {[%emt 0:00:08]} g3 {[%emt 0:00:06]} 0-1

[Event "Kupreichik Memorial Rapid 2019"]
[Site "Minsk"]
[Date "2019.08.16"]
[Round "5.19"]
[White "Masjuk, Vladimir"]
[Black "Teterev, Vitaly"]
[Result "0-1"]
[WhiteElo "1900"]
[BlackElo "2474"]
[Annotator "TA"]
[PlyCount "48"]
[EventDate "2019.08.15"]
[EventType "swiss"]
[EventCountry "BLR"]
[SourceTitle "playchess.com"]
[Source "ChessBase"]
[SourceQuality "1"]

{[%evp 12,86,35,38,41,23,43,0,10,-13,-16,-17,-17,-16,-25,-57,-52,-83,-69,-112,-73,-164,-53,-115,-91,-185,-187,-265,-263,-416,-441,-445,-439,-434,-407,-574,-549,-621,-597,-738,-739,-775,-758,-727,-667,-661,-488,-533,-531,-598,-529,-509,-479,-467,-439,-541,-538,-500,-462,-602,-604,-711,-705,-737,-720,-756,-749,-1135,-1130,-5485,-1942,-2818,-2172,-5795,-5792,-5792,-5792]} 1. e4 c5 2. c3 Nf6 3. e5 Nd5 4. d4 cxd4 5. cxd4 Nc6 6. Nc3 Nxc3 7. bxc3 d6 {B22: Sicilian: 2 c3} 8. f4 Bf5 9. Nf3 e6 {The position is equal.} 10. Be2 Be7 11. O-O O-O 12. Be3 Rc8 13. Qd2 $146 ({Predecessor:} 13. c4 Na5 14. Rc1 dxe5 15. fxe5 {1-0 (30) Masjuk,V (1932)-Belous,V (2557) Minsk 2015}) 13... Na5 14. Qe1 Qb6 15. Bf2 Qb2 16. Rc1 {[#]} (16. Bh4 $17 f6 17. exf6 Bxf6 18. Bxf6 Rxf6 19. Nh4) 16... dxe5 ({Don't do} 16... Qxa2 17. Bh4 $15) (16... d5 $1 $19 17. Be3 Nc4 18. Bxc4 Rxc4) 17. fxe5 (17. dxe5 $15 Rfd8 18. Nd4) 17... Ba3 $17 18. c4 (18. Be3 $17 {keeps fighting.}) 18... Qxc1 $19 19. Qxa5 (19. Qxc1 $142 Bxc1 20. Rxc1) 19... Qb2 {And now ...Bb4 would win.} 20. Nh4 (20. Qd2 {was worth a try.}) 20... Bb4 (20... Qxe2 21. Nxf5 exf5 22. Qxa3 $19) 21. Qa4 Be4 ({Much less strong is} 21... Qxe2 22. Nxf5 Rxc4 23. Ng3 $19) 22. Qd1 Qxa2 23. Bf3 (23. c5 $142) 23... Bc2 {Black is clearly winning.} 24. Qc1 Rxc4 {Played: Bc2-d3} 0-1

[Event "Kupreichik Memorial Rapid 2019"]
[Site "Minsk"]
[Date "2019.08.16"]
[Round "5.20"]
[White "Mochalov, Evgeny V"]
[Black "Khrapko, Marharyta"]
[Result "0-1"]
[WhiteElo "2374"]
[BlackElo "2073"]
[Annotator "TA"]
[PlyCount "58"]
[EventDate "2019.08.15"]
[EventType "swiss"]
[EventCountry "BLR"]
[SourceTitle "playchess.com"]
[Source "ChessBase"]
[SourceQuality "1"]

{[%evp 11,58,27,28,32,31,28,60,49,52,10,9,8,54,54,89,99,90,83,152,143,140,125,134,144,198,203,358,361,358,267,355,356,610,606,733,502,502,61,61,58,63,52,56,53,63,47,55,-1,-17]} 1. d4 e6 2. g3 Nf6 3. Bg2 c5 4. Nf3 Nc6 5. O-O cxd4 6. Nxd4 Bc5 7. Nb3 {A46: 1 d4 Nf6 2 Nf3 e6: Torre, London and Colle Systems} Be7 8. c4 a5 $146 {[%cal Ba7a5,Ba5a4,Ba4a3][%mdl 32]} ({Predecessor:} 8... O-O 9. Nc3 b6 10. Bf4 Bb7 11. Rc1 d6 12. Nb5 Ne8 13. Qd2 a6 14. Nc3 Qb8 15. Rfd1 Nd8 16. Ne4 e5 17. Bg5 {1-0 (54) Aronian,L (2792)-Carlsen,M (2855) Paris 2016}) 9. Nc3 {White is slightly better.} O-O 10. Bf4 a4 11. Nd4 a3 12. b3 Nh5 13. Be3 Qa5 14. Rc1 Bb4 ({Better is} 14... Nf6) 15. Na4 $16 Nxd4 16. Bxd4 Ra6 17. e3 Nf6 (17... g6 $16 18. g4 Ng7) 18. c5 {Bxf6 is the strong threat.} d6 $2 (18... d5 {might work better.} 19. Nb6 Re8 20. Bxf6 gxf6 21. Qg4+ Kf8) 19. Bxf6 $1 $18 gxf6 20. Qg4+ Kh8 21. Qh4 f5 $2 (21... dxc5 22. Qxf6+ Kg8 23. Nxc5 Bxc5) 22. Rc4 dxc5 23. Qf6+ Kg8 24. Rh4 $2 (24. Qg5+ $18 Kh8 {[#]} 25. Qh6 $1 {[%mdl 512]}) 24... e5 $1 $14 25. Qxe5 c4 $1 26. Qxa5 Bxa5 27. Nc5 {[%mdl 64] [#] Double Attack} Rd6 28. Rxc4 Rd2 29. b4 (29. Ra4 $14) 29... b5 $1 {[%mdl 32768] Accuracy: White = 60%, Black = 55%. . Loss on time!?} 0-1

[Event "Kupreichik Memorial Rapid 2019"]
[Site "Minsk"]
[Date "2019.08.16"]
[Round "5.21"]
[White "Talma, Sergei"]
[Black "Kochetkov, Vitali"]
[Result "0-1"]
[WhiteElo "1882"]
[BlackElo "2266"]
[Annotator "NA"]
[PlyCount "107"]
[EventDate "2019.08.15"]
[EventType "swiss"]
[EventCountry "BLR"]
[SourceTitle "playchess.com"]
[Source "ChessBase"]
[SourceQuality "1"]
[TimeControl "900+10"]

1. d4 {[%emt 0:00:00]} Nf6 {[%emt 0:01:37]} 2. Nc3 {[%emt 0:00:00]} d5 {[%emt 0:00:10]} 3. Bf4 {[%emt 0:00:01]} e6 {[%emt 0:00:31]} 4. Nb5 {[%emt 0:00:13]} Na6 {[%emt 0:00:10]} 5. e3 {[%emt 0:00:03]} c6 {[%emt 0:00:47]} 6. Nc3 {[%emt 0:00:03]} Bb4 {[%emt 0:00:50]} 7. Bxa6 {[%emt 0:00:20]} bxa6 {[%emt 0:00:02]} 8. Nge2 {[%emt 0:00:02]} Nh5 {[%emt 0:00:35]} 9. Be5 {[%emt 0:01:27]} f6 {[%emt 0:00:25]} 10. Bg3 {[%emt 0:01:34]} O-O {[%emt 0:00:32]} 11. a3 {[%emt 0:00:05]} Be7 {[%emt 0:00:30]} 12. Qd3 {[%emt 0:01:06]} c5 {[%emt 0:00:40]} 13. dxc5 {[%emt 0:01:29]} Bxc5 {[%emt 0:00:31]} 14. O-O-O {[%emt 0:00:48]} Bb7 15. Bh4 {[%emt 0:02:45]} g6 {[%emt 0:02:04]} 16. g4 {[%emt 0:01:06]} Ng7 {[%emt 0:00:04]} 17. Rhg1 {[%emt 0:00:40]} Rc8 {[%emt 0:00:20]} 18. f4 {[%emt 0:00:42]} Qe8 {[%emt 0:01:49]} 19. Bf2 {[%emt 0:01:59]} Qf7 {[%emt 0:01:00]} 20. f5 {[%emt 0:00:32]} exf5 {[%emt 0:00:13]} 21. gxf5 {[%emt 0:00:02]} g5 {[%emt 0:00:36]} 22. Nd4 {[%emt 0:00:47]} Rfe8 {[%emt 0:00:26]} 23. h4 {[%emt 0:00:09]} h6 {[%emt 0:00:26]} 24. Kb1 {[%emt 0:00:25]} Bxd4 {[%emt 0:00:36]} 25. Qxd4 {[%emt 0:00:23]} Nxf5 {[%emt 0:00:15]} 26. Qd3 {[%emt 0:00:44]} Nd6 {[%emt 0:00:39]} 27. Nxd5 {[%emt 0:00:07]} Ne4 {[%emt 0:00:49]} 28. Be1 {[%emt 0:00:41]} Bxd5 {[%emt 0:00:40]} 29. Qxd5 {[%emt 0:00:02]} Qxd5 {[%emt 0:00:07]} 30. Rxd5 {[%emt 0:00:01]} Rcd8 {[%emt 0:00:22]} 31. Rxd8 {[%emt 0:00:51]} Rxd8 {[%emt 0:00:02]} 32. Kc1 {[%emt 0:00:07]} Kf7 {[%emt 0:00:06]} 33. hxg5 {[%emt 0:00:01]} fxg5 {[%emt 0:00:11]} 34. Rg4 {[%emt 0:00:13]} Re8 {[%emt 0:00:07]} 35. Kd1 {[%emt 0:00:16]} Kg6 {[%emt 0:00:15]} 36. Ke2 {[%emt 0:00:08]} h5 {[%emt 0:00:23]} 37. Rg1 {[%emt 0:00:09]} Re6 {[%emt 0:00:57]} 38. b4 {[%emt 0:00:18]} Rc6 {[%emt 0:00:16]} 39. Kd3 {[%emt 0:00:10]} Nd6 {[%emt 0:00:06]} 40. e4 {[%emt 0:00:24]} a5 {[%emt 0:00:35]} 41. e5 {[%emt 0:00:37]} Nc4 {[%emt 0:00:01]} 42. Bc3 {[%emt 0:00:07]} Nxa3 {[%emt 0:00:07]} 43. bxa5 {[%emt 0:00:12]} Nb5 {[%emt 0:00:11]} 44. Bb4 {[%emt 0:00:14]} h4 {[%emt 0:00:11]} 45. c4 {[%emt 0:00:01]} Nc7 {[%emt 0:00:03]} 46. Bd2 {[%emt 0:00:07]} Ne6 {[%emt 0:00:03]} 47. Ke4 {[%emt 0:00:03]} Rxc4+ {[%emt 0:00:19]} 48. Kd5 {[%emt 0:00:01]} Rd4+ {[%emt 0:00:03]} 49. Kxe6 {[%emt 0:00:04]} Rxd2 {[%emt 0:00:01]} 50. Ke7 {[%emt 0:00:38]} h3 {[%emt 0:00:02]} 51. e6 {[%emt 0:00:01]} h2 {[%emt 0:00:05]} 52. Rh1 {[%emt 0:00:08]} g4 {[%emt 0:00:01]} 53. Kf8 {[%emt 0:00:06]} Rf2+ 54. Ke7 0-1

[Event "Kupreichik Memorial Rapid 2019"]
[Site "Minsk"]
[Date "2019.08.16"]
[Round "5.22"]
[White "Dvurechensky, Viacheslav"]
[Black "Kalinin, Dmitry"]
[Result "0-1"]
[WhiteElo "1840"]
[BlackElo "2119"]
[Annotator "NA"]
[PlyCount "55"]
[EventDate "2019.08.15"]
[EventType "swiss"]
[EventCountry "BLR"]
[SourceTitle "playchess.com"]
[Source "ChessBase"]
[SourceQuality "1"]
[TimeControl "900+10"]

1. e4 {[%emt 0:00:00]} e6 {[%emt 0:00:00]} 2. d4 {[%emt 0:00:00]} d5 {[%emt 0:00:00]} 3. exd5 {[%emt 0:00:04]} exd5 {[%emt 0:00:00]} 4. Nf3 {[%emt 0:00:05]} Nf6 {[%emt 0:00:00]} 5. Bd3 {[%emt 0:00:25]} Bd6 {[%emt 0:00:02]} 6. h3 {[%emt 0:00:18]} O-O {[%emt 0:00:06]} 7. O-O {[%emt 0:00:04]} Ne4 {[%emt 0:00:24]} 8. c4 {[%emt 0:00:39]} c6 {[%emt 0:00:06]} 9. Nc3 {[%emt 0:00:54]} Bf5 {[%emt 0:01:51]} 10. cxd5 {[%emt 0:01:04]} Nxc3 {[%emt 0:00:07]} 11. bxc3 {[%emt 0:00:06]} Bxd3 {[%emt 0:00:07]} 12. Qxd3 {[%emt 0:00:19]} cxd5 {[%emt 0:00:01]} 13. Bg5 {[%emt 0:01:24]} Qc8 {[%emt 0:03:33]} 14. Rfe1 {[%emt 0:00:52]} a6 {[%emt 0:01:42]} 15. Re2 {[%emt 0:02:26]} Nc6 {[%emt 0:03:11]} 16. Rae1 {[%emt 0:00:34]} b5 {[%emt 0:00:38]} 17. Bc1 {[%emt 0:03:06]} Qd7 {[%emt 0:01:39]} 18. Ne5 {[%emt 0:00:57]} Nxe5 {[%emt 0:00:35]} 19. dxe5 {[%emt 0:00:04]} Bc5 {[%emt 0:00:01]} 20. Be3 {[%emt 0:00:34]} Qc6 {[%emt 0:00:12]} 21. Bxc5 {[%emt 0:01:12]} Qxc5 {[%emt 0:00:01]} 22. Rd1 {[%emt 0:00:22]} Rad8 {[%emt 0:00:02]} 23. Qd4 {[%emt 0:00:36]} Qc6 {[%emt 0:01:17]} 24. f4 {[%emt 0:00:28]} Rc8 {[%emt 0:00:45]} 25. Qxd5 {[%emt 0:01:04]} Qxc3 {[%emt 0:00:09]} 26. e6 {[%emt 0:01:08]} fxe6 {[%emt 0:00:07]} 27. Qxe6+ {[%emt 0:00:34]} Kh8 {[%emt 0:00:02]} 28. Qxa6 0-1